John Mayer Songs - Statistics

General Stats
  • This quiz has been taken 513 times
  • The average score is 6 of 8
Answer Stats
Hint Answer % Correct
"Girls become lovers, who turn into mothers." Daughters
94%
"Me and all my friends we're all misunderstood." Waiting On the World to Change
88%
"Just keep me where the light is." Gravity
86%
"And if you want love, we'll make it. Swim in a deep sea of blankets." Your Body is a Wonderland
86%
"Clouds of sulfur in the air, bombs are falling everywhere." Heartbreak Warfare
84%
"No I'm not colorblind, I know the world is black and white." Stop This Train
78%
"I was born in the arms of imaginary friends." Half of My Heart
60%
"Even if your hands are shaking, and your faith is broken." Say
43%
No matching quizzes found
Score Distribution
Percent of People with Each Score
Percentile by Number Answered
Your Score History
You have not taken this quiz